00587pab a2200181 454500008004000000100002300040245009300063260000900156300001500165362000800180650002100188650001200209773004300221908000600264909001100270999001900281952010500300180718b2014 xxu||||| |||| 00| 0 eng d aChang, Simon et al aLong term health effects of Malaria exposure around birth: Evidence from colonial Taiwan c2014 ap.519-566. aApr aMalaria - Taiwan aMalaria aEconomic Development and Social Change aN a104144 c104140d104140 00104070aIIPAbIIPAd2018-07-19hVolume no: 62, Issue no: 3pAR104604r2018-07-19w2018-07-19yAR